| 000 | 00748nam a2200265Ia 4500 | ||
|---|---|---|---|
| 003 | OSt | ||
| 005 | 20220918200337.0 | ||
| 006 | a|||||r|||| 00| 0 | ||
| 007 | ta | ||
| 008 | 220917b |||||||| |||| 00| 0 eng d | ||
| 024 | _a88,389 | ||
| 037 | _cTextual | ||
| 040 |
_aARTS _cARTS _beng |
||
| 041 |
_2eng _aeng |
||
| 082 | _aT5, L7 | ||
| 100 |
_aSchiller Patricia _993644 |
||
| 245 | 0 | _aCreative approach to sex education and counseling | |
| 250 | _a2nd | ||
| 260 |
_aNew York _bAssociation Press _c1977 |
||
| 300 |
_a256p. _ccm. |
||
| 500 | _aAppendix p228--234; Glossary p246--249; Bibliography p250--251p. | ||
| 650 |
_aSEX EDUCATION _993645 |
||
| 942 |
_hT5, L7 _cTEXL _2CC |
||
| 999 |
_c212077 _d212077 |
||